| 000 | 01364cam a22003734a 4500 | ||
|---|---|---|---|
| 001 | 14707153 | ||
| 005 | 20161122125326.0 | ||
| 008 | 070123s2007 enka b 001 0 eng | ||
| 010 | _a 2007921522 | ||
| 015 |
_aGBA6A6627 _2bnb |
||
| 016 | 7 |
_a013629968 _2Uk |
|
| 020 | _a9781846287732 (pbk.) | ||
| 020 | _a9781846287749 (e- ISBN) | ||
| 020 | _a184628774x (e- ISBN) | ||
| 020 | _a1846287731 (pbk.) | ||
| 035 | _a(OCoLC)ocm77257901 | ||
| 040 |
_aUKM _cUKM _dBAKER _dDLC |
||
| 042 | _alccopycat | ||
| 050 | 0 | 0 |
_aQA76.64 _b.C745 2007 |
| 082 | 0 | 0 |
_a005.117 _222 _bCRA |
| 100 | 1 |
_aCraig, Iain D. _93441 |
|
| 245 | 1 | 0 |
_aObject-oriented programming languages : _bInterpretation / _cIain D. Craig. |
| 246 | 3 | _aInterpretation | |
| 260 |
_aLondon : _bSpringer, _cc2007. |
||
| 300 |
_aviii, 252 p. : _bill. ; _c24 cm. |
||
| 440 | 0 |
_aUndergraduate topics in computer science _93442 |
|
| 504 | _aIncludes bibliographical references and index. | ||
| 650 | 0 |
_93443 _aObject-oriented programming languages |
|
| 856 | 4 | 1 |
_3Table of contents only _uhttp://www.loc.gov/catdir/toc/fy0710/2007921522.html |
| 856 | 4 | 2 |
_3Publisher description _uhttp://www.loc.gov/catdir/enhancements/fy0825/2007921522-d.html |
| 942 |
_2ddc _cBB |
||
| 999 |
_c11244 _d11244 |
||